000 00760nam a22002057a 4500
999 _c28024
_d28024
005 20251125232923.0
008 s2532 th tha d
040 _aNALT
041 _atha
090 _aว KD251 ค125ผ 2532
245 1 0 _aแผนพัฒนาสภาผู้แทนราษฎร (ร่าง)
260 3 _aม.ป.ท. :
_bม.ป.พ.,
_c2532
300 _a31 หน้า :
_b ภาพประกอบ ;
_c 29 ซม.
650 0 4 _aสภาผู้แทนราษฎร -- แผนงาน
650 0 4 _aแผนพัฒนาสภาผู้แทนราษฎร
850 _aNALT
856 4 0 _uhttps://hdl.handle.net/20.500.14156/426973
_71
942 _cRSH
_2lcc